Macroeconomía (Registro nro. 4042)

Detalles MARC
000 -LEADER
fixed length control field 02005 a2200265 4500
001 - CONTROL NUMBER
control field 45874
005 - DATE AND TIME OF LATEST TRANSACTION
control field 20260407155731.0
008 - FIXED-LENGTH DATA ELEMENTS--GENERAL INFORMATION
fixed length control field 260407a1998 arg spa d
003 - CONTROL NUMBER IDENTIFIER
control field AR-UNSa-BCEJYS
040 ## - CATALOGING SOURCE
Original cataloging agency AR-UNSa-BCEJYS
Language of cataloging spa
Transcribing agency AR-UNSa-BCEJYS
080 ## - UNIVERSAL DECIMAL CLASSIFICATION NUMBER
Universal Decimal Classification number 330.101.541
Common auxiliary subdivision Macroeconomía
020 ## - INTERNATIONAL STANDARD BOOK NUMBER
International Standard Book Number 84-481-2055-8
041 ## - LANGUAGE CODE
Language code of text/sound track or separate title spa
100 1# - MAIN ENTRY--PERSONAL NAME
Personal name Dornbusch, Rudiger
245 10 - TITLE STATEMENT
Title Macroeconomía
250 ## - EDITION STATEMENT
Edition statement 7a. ed.
264 #1 - PRODUCTION, PUBLICATION, DISTRIBUTION, MANUFACTURE, AND COPYRIGHT NOTICE
Place of production, publication, distribution, manufacture Madrid :
Name of producer, publisher, distributor, manufacturer McGraw-Hill
Date of production, publication, distribution, manufacture, or copyright notice 1998
300 ## - PHYSICAL DESCRIPTION
Extent 383 p.
Dimensions 20 cm.
505 ## - FORMATTED CONTENTS NOTE
Formatted contents note Parte I: Introducción y contabilidad nacional: 1. Introducción – 2. Contabilidad nacional – Parte II: El crecimiento, la oferta y la demanda agregadas y la nueva macroeconomía: 3. El crecimiento y la acumulación – 4. El crecimiento y la política económica – 5. La oferta y la demanda agregadas – 6. La oferta agregada: los salarios, los precios y el desempleo – 7. La anatomía de la inflación y el desempleo – 8. La nueva macroeconomía – Parte III: Primeros modelos: 9. La renta y el gasto – 10. El dinero, el tipo de interés y la renta – 11. La política monetaria y la política fiscal – 12. Las relaciones internacionales – Parte IV: Los fundamentos de la conducta: 13. El consumo y el ahorro – 14. El gasto de inversión – 15. La demanda de dinero – 16. El banco central, el dinero y el crédito – 17. Los mercados financieros – 18. La política de estabilización: perspectivas y problemas – Parte V: La inflación, los déficits presupuestarios y los ajustes internacionales: 19. El dinero, los déficits y la inflación: evidencia y cuestiones relacionadas con la política económica – 20. Los déficits presupuestarios y la deuda pública – 21. El ajuste y la interdependencia internacionales -
590 ## - LOCAL NOTE (RLIN)
Local note niveau_biblio:m niveau_hierar:0
700 1# - ADDED ENTRY--PERSONAL NAME
Personal name Fischer, Stanley
700 1# - ADDED ENTRY--PERSONAL NAME
Personal name Startz, Richard
856 41 - ELECTRONIC LOCATION AND ACCESS
Uniform Resource Identifier <a href="https://www.biblioeco.unsa.edu.ar/pmb/images/libros/L127212.jpg">https://www.biblioeco.unsa.edu.ar/pmb/images/libros/L127212.jpg</a>
Link text Imagen de portada
Electronic format type image/jpeg
942 ## - ADDED ENTRY ELEMENTS (KOHA)
Koha item type
Existencias
Withdrawn status Lost status Damaged status Not for loan Home library Current library Shelving location Date acquired Total checkouts Full call number Barcode Date last seen Price effective from Koha item type
        Biblioteca Prof. Eusebio Cleto del Rey Biblioteca Prof. Eusebio Cleto del Rey   07/04/2026   330.101.541 D713 7ed. L127212 07/04/2026 07/04/2026 Libro
        Biblioteca Prof. Eusebio Cleto del Rey Biblioteca Prof. Eusebio Cleto del Rey   07/04/2026   330.101.541 D713 7ed. L127432 07/04/2026 07/04/2026 Libro
        Biblioteca Prof. Eusebio Cleto del Rey Biblioteca Prof. Eusebio Cleto del Rey   07/04/2026   330.101.541 D713 7ed. L128602 07/04/2026 07/04/2026 Libro